[Event "Oberliga Wuerttemberg 2122"]
[Site "Wuerttemberg"]
[Date "2021.09.19"]
[Round "1.7"]
[White "Witke, Thomas"]
[Black "Steinhart, Christoph"]
[Result "1-0"]
[WhiteElo "2218"]
[BlackElo "2002"]
[PlyCount "35"]
[EventDate "2021.09.19"]
[EventType "team-tourn"]
[EventRounds "9"]
[EventCountry "GER"]
[SourceTitle "EXT 2023"]
[Source "ChessBase"]
[SourceDate "2022.10.05"]
[SourceVersion "1"]
[SourceVersionDate "2022.10.05"]
[SourceQuality "1"]
[WhiteTeam "Schmiden/Cannstatt"]
[BlackTeam "Schoenaich II"]
[WhiteTeamCountry "GER"]
[BlackTeamCountry "GER"]

1. c4 e5 2. Nc3 Nf6 3. e3 d5 4. cxd5 Nxd5 5. Nf3 Nc6 6. Bb5 Nxc3 7. bxc3 Bd6 8. d4 exd4 9. cxd4 0-0 10. h3 Qf6 11. 0-0 Bd7 12. Bd3 Nb4 13. Bb1 c5 14. a3 cxd4 15. axb4 dxe3 16. Bxe3 Rfd8 17. Bg5 Qe6 18. Re1 1-0

[Event "Oberliga Wuerttemberg 1920"]
[Site "Wuerttemberg"]
[Date "2020.02.16"]
[Round "7.7"]
[White "Witke, Thomas"]
[Black "Hasenohr, Benedict"]
[Result "1/2-1/2"]
[WhiteElo "2089"]
[BlackElo "2254"]
[PlyCount "75"]
[EventDate "2019.09.15"]
[EventType "team-tourn"]
[EventRounds "9"]
[EventCountry "GER"]
[SourceTitle "EXT 2021"]
[Source "ChessBase"]
[SourceDate "2020.10.23"]
[SourceVersion "1"]
[SourceVersionDate "2020.10.23"]
[SourceQuality "1"]
[WhiteTeam "Schmiden Cannstatt"]
[BlackTeam "Weiler im Allgaeu"]
[WhiteTeamCountry "GER"]
[BlackTeamCountry "GER"]

1. d4 d5 2. Bf4 c5 3. e3 Nc6 4. c3 Nf6 5. Nd2 Bf5 6. Qb3 Qc8 7. dxc5 e5 8. Bg3 Bxc5 9. Bb5 0-0 10. Ngf3 d4 11. exd4 exd4 12. 0-0 d3 13. Qc4 Na5 14. Qa4 Bb6 15. Nh4 a6 16. Qf4 Be6 17. Bxd3 Nh5 18. Qb4 Qd8 19. Nhf3 Re8 20. Bc2 Nxg3 21. hxg3 Bd5 22. c4 Nc6 23. Qc3 Be6 24. Rad1 Ba5 25. Qe3 Qf6 26. Qb3 b5 27. Qd3 Qh6 28. cxb5 Nb4 29. Qa3 axb5 30. Be4 Ra6 31. b3 f5 32. Bb7 Ra7 33. Nd4 Bd7 34. Bf3 Nd3 35. b4 Nxb4 36. N2b3 Qb6 37. Nxa5 Qxa5 38. Qxa5 1/2-1/2

[Event "Oberliga Wuerttemberg 1819"]
[Site "Wuerttemberg"]
[Date "2019.03.24"]
[Round "8"]
[White "Witke, Thomas"]
[Black "Wendler, David"]
[Result "1-0"]
[WhiteElo "2204"]
[BlackElo "2156"]
[PlyCount "145"]
[EventDate "2018.09.23"]
[EventType "team-tourn"]
[EventRounds "9"]
[EventCountry "GER"]
[SourceTitle "EXT 2020"]
[Source "ChessBase"]
[SourceDate "2019.10.17"]
[SourceVersion "1"]
[SourceVersionDate "2019.10.17"]
[SourceQuality "1"]
[WhiteTeam "Schmiden Cannstatt"]
[BlackTeam "Bebenhausen"]
[WhiteTeamCountry "GER"]
[BlackTeamCountry "GER"]

1. d4 Nf6 2. c3 g6 3. Nf3 Bg7 4. Bf4 0-0 5. e3 d6 6. h3 c5 7. Nbd2 Nc6 8. a4 Re8 9. Bh2 cxd4 10. exd4 e5 11. dxe5 dxe5 12. Bc4 e4 13. Ng5 Nd5 14. Ndxe4 Qxg5 15. Qxd5 Bf5 16. Qxf7+ Kh8 17. Qg8+ Rxg8 18. Nxg5 Rge8+ 19. Kf1 Na5 20. Nf7+ Kg8 21. Nh6+ Kh8 22. Nxf5 Nxc4 23. Nd6 Nxd6 24. Bxd6 Rad8 25. Bf4 Rd5 26. Be3 b5 27. Ke2 Rb8 28. Bxa7 Ra8 29. axb5 Rxb5 30. Rhb1 Kg8 31. Kd3 Rb7 32. Bd4 Rxa1 33. Rxa1 Bxd4 34. cxd4 Rxb2 35. Ke3 Rb3+ 36. Ke4 Rb2 37. Rf1 Kf7 38. g3 Ke6 39. g4 Re2+ 40. Kf3 Ra2 41. Ke4 Re2+ 42. Kd3 Ra2 43. Kc4 Rc2+ 44. Kd3 Ra2 45. Re1+ Kd6 46. Re2 Ra3+ 47. Ke4 Rxh3 48. Ra2 Rh2 49. Ra6+ Kc7 50. f3 Re2+ 51. Kf4 Rd2 52. Ra7+ Kd6 53. Rxh7 Rxd4+ 54. Kg5 Ke6 55. Kxg6 Rf4 56. Rh3 Rf8 57. Kg5 Rg8+ 58. Kf4 Rf8+ 59. Ke4 Kf6 60. f4 Kg6 61. Ra3 Rf6 62. Ke5 Rb6 63. Rd3 Rb5+ 64. Rd5 Rb4 65. Rd6+ Kf7 66. g5 Rb5+ 67. Rd5 Rb7 68. f5 Re7+ 69. Kf4 Ra7 70. g6+ Kg7 71. Kg5 Kg8 72. f6 Ra1 73. Rd8# 1-0

[Event "Oberliga Wuerttemberg 1718"]
[Site "Wuerttemberg"]
[Date "2017.11.12"]
[Round "4"]
[White "Witke, Thomas"]
[Black "Held, Paul"]
[Result "1/2-1/2"]
[WhiteElo "2200"]
[BlackElo "2209"]
[PlyCount "23"]
[EventDate "2017.09.17"]
[EventType "team-tourn"]
[EventRounds "9"]
[EventCountry "GER"]
[SourceTitle "EXT 2019"]
[Source "ChessBase"]
[SourceDate "2018.10.10"]
[SourceVersion "1"]
[SourceVersionDate "2018.10.10"]
[SourceQuality "1"]
[WhiteTeam "Schmiden Cannstatt"]
[BlackTeam "Schwaebisch Gmuend"]
[WhiteTeamCountry "GER"]
[BlackTeamCountry "GER"]

1. d4 Nf6 2. Bf4 d6 3. e3 g6 4. Nf3 Bg7 5. Be2 0-0 6. 0-0 b6 7. c4 c5 8. Nc3 Bb7 9. h3 Ne4 10. Nxe4 Bxe4 11. Ng5 Bb7 12. Bf3 1/2-1/2

[Event "Oberliga Wuerttemberg 1617"]
[Site "Wuerttemberg"]
[Date "2017.04.02"]
[Round "10.8"]
[White "Witke, Thomas"]
[Black "Bissbort, Julian"]
[Result "1-0"]
[WhiteElo "2202"]
[BlackElo "2050"]
[PlyCount "81"]
[EventDate "2016.09.25"]
[EventType "team-tourn"]
[EventRounds "11"]
[EventCountry "GER"]
[SourceTitle "EXT 2019"]
[Source "ChessBase"]
[SourceDate "2018.10.10"]
[SourceVersion "1"]
[SourceVersionDate "2018.10.10"]
[SourceQuality "1"]
[WhiteTeam "Schmiden Cannstatt"]
[BlackTeam "Heilbronn"]
[WhiteTeamCountry "GER"]
[BlackTeamCountry "GER"]

1. d4 Nf6 2. Bf4 g6 3. e3 Bg7 4. Nf3 0-0 5. Be2 d6 6. 0-0 Bf5 7. Nbd2 Nc6 8. h3 Re8 9. Bh2 e5 10. dxe5 dxe5 11. Bb5 Re6 12. g4 Be4 13. Qe2 Bxc2 14. Rfc1 Nb4 15. Qc4 Bd3 16. Qxb4 Rb6 17. Nc4 a5 18. Qa4 c6 19. Nxb6 Bxb5 20. Qb3 a4 21. Qc3 Qxb6 22. Bxe5 Nd5 23. Qd4 Qxd4 24. Bxd4 Nb4 25. Bxg7 Kxg7 26. Nd4 Bd3 27. Rc3 Be4 28. f3 Bd5 29. a3 Na2 30. Rc5 Re8 31. Rxd5 cxd5 32. Kf2 Rc8 33. Rxa2 Rc1 34. b3 Rh1 35. Kg3 Rg1+ 36. Kf4 Kf6 37. e4 g5+ 38. Ke3 Ke5 39. exd5 Kxd5 40. Ne2 axb3 41. Rd2+ 1-0

[Event "BL2-Sued 0708"]
[Site "Germany"]
[Date "2007.11.04"]
[Round "2.8"]
[White "Witke, Thomas"]
[Black "Schuetz, Guenter"]
[Result "1/2-1/2"]
[WhiteElo "2275"]
[BlackElo "2232"]
[PlyCount "82"]
[EventDate "2007.10.21"]
[EventType "team-tourn"]
[EventRounds "9"]
[EventCountry "GER"]
[SourceTitle "EXT 2009"]
[Source "ChessBase"]
[SourceDate "2008.11.26"]
[SourceVersion "1"]
[SourceVersionDate "2008.11.26"]
[SourceQuality "1"]
[WhiteTeam "Schmiden Cannstatt"]
[BlackTeam "Bayern Muenchen"]
[WhiteTeamCountry "GER"]
[BlackTeamCountry "GER"]

1. d4 f5 2. c4 d6 3. Nc3 Nf6 4. Nf3 g6 5. g3 Bg7 6. Bg2 0-0 7. 0-0 Qe8 8. d5 a5 9. Be3 Na6 10. Qd2 Bd7 11. Rae1 Rb8 12. Ba7 Rc8 13. Bd4 c6 14. Bxf6 Bxf6 15. e4 Bxc3 16. Qxc3 cxd5 17. exd5 Nc5 18. Nd4 Qf7 19. Qxa5 Nd3 20. Re3 Nxb2 21. Qe1 Rfe8 22. Rb3 Rxc4 23. Rxb2 Rxd4 24. Rxb7 Bc8 25. Ra7 f4 26. Qc3 Qf6 27. a4 Bg4 28. gxf4 Qxf4 29. a5 Be2 30. Re1 Rd3 31. Qc2 Rd2 32. Qe4 Qxe4 33. Bxe4 Kf8 34. Kg2 Rb8 35. Bf3 Rbb2 36. Rxe2 Rxe2 37. Bxe2 Rxe2 38. Ra8+ Kf7 39. a6 Ra2 40. a7 Ra3 41. f3 Kg7 1/2-1/2

[Event "BL2-Sued 0708"]
[Site "Germany"]
[Date "2007.10.21"]
[Round "1.6"]
[White "Heinz, Timothee"]
[Black "Witke, Thomas"]
[Result "1/2-1/2"]
[WhiteElo "2324"]
[BlackElo "2275"]
[PlyCount "60"]
[EventDate "2007.10.21"]
[EventType "team-tourn"]
[EventRounds "9"]
[EventCountry "GER"]
[SourceTitle "EXT 2009"]
[Source "ChessBase"]
[SourceDate "2008.11.26"]
[SourceVersion "1"]
[SourceVersionDate "2008.11.26"]
[SourceQuality "1"]
[WhiteTeam "Baden-Baden II"]
[BlackTeam "Schmiden Cannstatt"]
[WhiteTeamCountry "GER"]
[BlackTeamCountry "GER"]

1. e4 c6 2. d4 d5 3. Nc3 dxe4 4. Nxe4 Nf6 5. Nxf6+ gxf6 6. Nf3 Bf5 7. g3 Na6 8. c3 Qd7 9. Bg2 Bh3 10. 0-0 h5 11. Bxh3 Qxh3 12. Qb3 Qd7 13. h4 e6 14. Bf4 0-0-0 15. Rfe1 Rg8 16. Qc2 Nc7 17. c4 Bd6 18. Bxd6 Qxd6 19. Qe2 Ne8 20. d5 cxd5 21. cxd5 Qxd5 22. Red1 Qa5 23. Rxd8+ Qxd8 24. Qc2+ Qc7 25. Qh7 Rxg3+ 26. fxg3 Qxg3+ 27. Kh1 Qxf3+ 28. Kg1 Qg3+ 29. Kf1 Qf3+ 30. Kg1 Qg3+ 1/2-1/2

[Event "BL2-Sued 0203"]
[Site "Germany"]
[Date "2003.03.09"]
[Round "8.8"]
[White "Witke, Thomas"]
[Black "Boguslawski, Oleg"]
[Result "1/2-1/2"]
[WhiteElo "2217"]
[BlackElo "2299"]
[PlyCount "51"]
[EventDate "2002.10.20"]
[EventType "team-tourn"]
[EventRounds "9"]
[EventCountry "GER"]
[SourceTitle "EXT 2004"]
[Source "ChessBase"]
[SourceDate "2003.11.25"]
[SourceVersion "1"]
[SourceVersionDate "2003.11.25"]
[SourceQuality "1"]
[WhiteTeam "Schmiden Cannstatt"]
[BlackTeam "Viernheim"]
[WhiteTeamCountry "GER"]
[BlackTeamCountry "GER"]

1. d4 Nf6 2. c4 e6 3. Nc3 d5 4. Nf3 Be7 5. Bf4 0-0 6. e3 c5 7. dxc5 Nc6 8. cxd5 exd5 9. Rc1 Bxc5 10. Be2 d4 11. exd4 Bxd4 12. 0-0 Bb6 13. Qa4 Bg4 14. Rfd1 Qc8 15. Bg5 Bxf3 16. Bxf3 Qf5 17. Qh4 Rfd8 18. Bxf6 Qxf6 19. Qxf6 gxf6 20. Nd5 Nd4 21. Nxf6+ Kg7 22. Nd5 Nxf3+ 23. gxf3 Rd6 24. Nxb6 Rxb6 25. b3 Re8 26. Rd2 1/2-1/2

[Event "BL2-Sued 0001"]
[Site "Germany"]
[Date "2001.04.01"]
[Round "8.7"]
[White "Witke, Thomas"]
[Black "Schmidt, Gerhard3333"]
[Result "1/2-1/2"]
[WhiteElo "2224"]
[BlackElo "2204"]
[PlyCount "46"]
[EventDate "2000.10.15"]
[EventType "team-tourn"]
[EventRounds "9"]
[EventCountry "GER"]
[SourceTitle "CBM 082 Extra"]
[Source "ChessBase"]
[SourceDate "2001.07.03"]
[SourceVersion "1"]
[SourceVersionDate "2001.07.03"]
[SourceQuality "1"]
[WhiteTeam "Schmiden Cannstatt"]
[BlackTeam "Bayern Muenchen"]
[WhiteTeamCountry "GER"]
[BlackTeamCountry "GER"]

1. d4 d5 2. c4 e6 3. Nc3 Nf6 4. Nf3 Be7 5. Bf4 0-0 6. e3 c5 7. dxc5 Bxc5 8. cxd5 Nxd5 9. Nxd5 Qxd5 10. Qxd5 exd5 11. a3 Nc6 12. Bb5 Be7 13. Rc1 Bd7 14. 0-0 Bf6 15. Bxc6 Bxc6 16. Be5 Be7 17. Nd4 Rfc8 18. Nxc6 bxc6 19. Rfd1 f6 20. Bg3 Kf7 21. f3 f5 22. Be5 g6 23. Kf2 Ke6 1/2-1/2

[Event "BL2-Sued 0001"]
[Site "Germany"]
[Date "2001.01.28"]
[Round "5.7"]
[White "Witke, Thomas"]
[Black "Reinhardt, Bernd"]
[Result "1/2-1/2"]
[WhiteElo "2224"]
[BlackElo "2313"]
[PlyCount "103"]
[EventDate "2000.10.15"]
[EventType "team-tourn"]
[EventRounds "9"]
[EventCountry "GER"]
[SourceTitle "CBM 082 Extra"]
[Source "ChessBase"]
[SourceDate "2001.07.03"]
[SourceVersion "1"]
[SourceVersionDate "2001.07.03"]
[SourceQuality "1"]
[WhiteTeam "Schmiden Cannstatt"]
[BlackTeam "Eppingen"]
[WhiteTeamCountry "GER"]
[BlackTeamCountry "GER"]

1. d4 d6 2. c4 e5 3. dxe5 dxe5 4. Qxd8+ Kxd8 5. Nc3 c6 6. f4 Bb4 7. fxe5 Bxc3+ 8. bxc3 Be6 9. Bg5+ Kc7 10. e3 Nd7 11. Nf3 h6 12. Bh4 g5 13. Bf2 Ne7 14. h4 g4 15. Nd4 h5 16. Bd3 Nc5 17. Nxe6+ fxe6 18. Bc2 Rhg8 19. Ke2 g3 20. Be1 Raf8 21. Rh3 Nf5 22. Bxf5 exf5 23. Rxg3 Ne4 24. Rxg8 Rxg8 25. Kf3 Kd7 26. Rb1 b6 27. c5 b5 28. Rd1+ Ke6 29. Rd4 a5 30. a3 a4 31. c4 b4 32. Bxb4 Rg3+ 33. Ke2 Rxg2+ 34. Kf1 Rf2+ 35. Ke1 Rh2 36. Rd8 Rxh4 37. Re8+ Kd7 38. Rf8 Ke6 39. Re8+ Kd7 40. Rf8 Rh1+ 41. Ke2 h4 42. Be1 Ke6 43. Rh8 h3 44. Rh6+ Kxe5 45. Ba5 f4 46. Bc7+ Kf5 47. Bxf4 Ra1 48. Rxh3 Ra2+ 49. Ke1 Rxa3 50. Rh5+ Kg4 51. Rh6 Rc3 52. Ke2 1/2-1/2

[Event "Oberliga Wuerttemberg 9900"]
[Site "Wuerttemberg"]
[Date "2000.03.19"]
[Round "?"]
[White "Koppenhoefer, Bernhard"]
[Black "Witke, Thomas"]
[Result "0-1"]
[WhiteElo "2193"]
[BlackElo "2239"]
[PlyCount "76"]
[EventDate "1999.??.??"]
[EventType "team"]
[EventRounds "9"]
[EventCountry "GER"]
[SourceTitle "EXT 2005"]
[Source "ChessBase"]
[SourceDate "2004.11.15"]
[SourceVersion "1"]
[SourceVersionDate "2004.11.15"]
[SourceQuality "1"]

1. d4 d5 2. Bg5 h6 3. Bh4 c6 4. c3 Bf5 5. e3 Qb6 6. Qb3 Nd7 7. Nd2 e6 8. Ngf3 Be7 9. Be2 g5 10. Bg3 Ngf6 11. Ne5 c5 12. Bb5 Rd8 13. e4 Bh7 14. exd5 exd5 15. dxc5 Bxc5 16. Bxd7+ Nxd7 17. Qxb6 Bxb6 18. h4 0-0 19. 0-0 Nc5 20. hxg5 hxg5 21. Nef3 f6 22. Nd4 Rfe8 23. a4 Nd3 24. Nb5 Re2 25. Nb3 Rxb2 26. N3d4 a6 27. a5 Bc5 28. Nc7 Bd6 29. Bxd6 Rxd6 30. Rab1 Kf7 31. Rbc1 Nxc1 32. Rxc1 Rb1 33. Rxb1 Bxb1 34. g4 Ke7 35. Na8 Rd8 36. Nb6 Kd6 37. Na4 Rc8 38. Kf1 Rc4 0-1

[Event "BL2-Sued 9899"]
[Site "Germany"]
[Date "1999.03.07"]
[Round "7.7"]
[White "Witke, Thomas"]
[Black "Hauke, Christian"]
[Result "1/2-1/2"]
[WhiteElo "2240"]
[BlackElo "2225"]
[PlyCount "54"]
[EventDate "1998.10.18"]
[EventType "team-tourn"]
[EventRounds "9"]
[EventCountry "GER"]
[SourceTitle "GER-chT2"]
[Source "ChessBase"]
[SourceDate "1999.07.01"]
[SourceVersion "1"]
[SourceVersionDate "1999.07.01"]
[SourceQuality "1"]
[WhiteTeam "Schmiden Cannstatt"]
[BlackTeam "Baiertal"]
[WhiteTeamCountry "GER"]
[BlackTeamCountry "GER"]

1. d4 d6 2. c4 e5 3. Nc3 exd4 4. Qxd4 Nc6 5. Qe3+ Be6 6. Nf3 Nb4 7. Nd4 c5 8. Nxe6 Nc2+ 9. Kd2 Nxe3 10. Nxd8 Nxc4+ 11. Kc2 Rxd8 12. e4 Ne5 13. Bf4 f6 14. Rd1 a6 15. Nd5 Ne7 16. Bxe5 fxe5 17. Nxe7 Bxe7 18. Bc4 Kd7 19. Bd5 Kc7 20. Rd3 Rhf8 21. Rf1 h5 22. Rh3 h4 23. a4 b6 24. Rb3 Rf4 25. h3 Rdf8 26. f3 R4f6 27. Bc4 a5 1/2-1/2

[Event "BL2-Sued 9899"]
[Site "Germany"]
[Date "1998.10.18"]
[Round "1.8"]
[White "Witke, Thomas"]
[Black "Hiermann, Dietmar"]
[Result "1/2-1/2"]
[WhiteElo "2225"]
[BlackElo "2140"]
[PlyCount "83"]
[EventDate "1998.10.18"]
[EventType "team-tourn"]
[EventRounds "9"]
[EventCountry "GER"]
[SourceTitle "GER-chT2"]
[Source "ChessBase"]
[SourceDate "1999.07.01"]
[SourceVersion "1"]
[SourceVersionDate "1999.07.01"]
[SourceQuality "1"]
[WhiteTeam "Schmiden Cannstatt"]
[BlackTeam "Passau II"]
[WhiteTeamCountry "GER"]
[BlackTeamCountry "GER"]

1. d4 Nf6 2. c4 g6 3. Nc3 d5 4. Nf3 Bg7 5. Bg5 Ne4 6. cxd5 Nxg5 7. Nxg5 e6 8. Nf3 exd5 9. e3 0-0 10. Be2 c6 11. 0-0 Bf5 12. b4 a6 13. a4 a5 14. Qb3 Na6 15. b5 Nb4 16. Na2 Nxa2 17. Rxa2 Qd6 18. Bd3 Bg4 19. Nd2 Rfc8 20. bxc6 bxc6 21. Rc1 Bd7 22. Rac2 Rab8 23. Qa2 Bf8 24. Rc3 Rb4 25. Nf3 Be8 26. h3 Rcb8 27. Ne5 c5 28. Rxc5 Rxa4 29. Qxd5 Qxd5 30. Rxd5 Be7 31. Be2 Ra2 32. Bc4 Ra3 33. Be2 a4 34. Ra5 Rab3 35. Bc4 Rb1 36. Rxb1 Rxb1+ 37. Kh2 Bd6 38. Ra8 Kf8 39. f4 Rb8 40. Ra7 Bxe5 41. fxe5 Rc8 42. Bd5 1/2-1/2

[Event "Oberliga Wuerttemberg 9596"]
[Site "Wuerttemberg"]
[Date "1996.??.??"]
[Round "?"]
[White "Witke, Thomas"]
[Black "Oesterle, Peter"]
[Result "0-1"]
[WhiteElo "2220"]
[BlackElo "2380"]
[PlyCount "96"]
[EventDate "1995.10.??"]
[EventType "team"]
[EventRounds "9"]
[EventCountry "GER"]
[SourceTitle "EXT 1999"]
[Source "ChessBase"]
[SourceDate "1998.11.16"]
[SourceVersion "1"]
[SourceVersionDate "1998.11.16"]
[SourceQuality "1"]

1. d4 d5 2. c4 dxc4 3. Qa4+ Nc6 4. Nf3 Nf6 5. Qxc4 Bg4 6. Ne5 Nxe5 7. dxe5 Be6 8. Qc2 Ng4 9. Nc3 Qd4 10. e3 Qxe5 11. h3 Nf6 12. f4 Qc5 13. b4 Qb6 14. Kf2 g6 15. Bb2 Bg7 16. Nb5 0-0 17. Bd4 Bf5 18. Bxb6 Bxc2 19. Bd4 c6 20. Rc1 Bf5 21. Nc3 Rfd8 22. Kf3 Nd5 23. Nxd5 cxd5 24. Rc7 Rd7 25. Rxd7 Bxd7 26. Bc5 Kf8 27. b5 b6 28. Bb4 Bf5 29. Be2 Rc8 30. Rd1 Be4+ 31. Kg3 Ke8 32. Bd3 Bxd3 33. Rxd3 Rc4 34. Bd2 Rc2 35. Rxd5 Rxa2 36. Kf3 Rb2 37. Be1 e6 38. Rd3 Rxb5 39. Bh4 f6 40. e4 g5 41. fxg5 fxg5 42. Bf2 Bf8 43. Kg4 a5 44. h4 gxh4 45. Bxh4 Be7 46. Bf2 a4 47. Bd4 a3 48. e5 Rd5 0-1

[Event "BL2-Sued 9293"]
[Site "Germany"]
[Date "1993.??.??"]
[Round "?.5"]
[White "Dolgener, Tobias"]
[Black "Witke, Thomas"]
[Result "1-0"]
[WhiteElo "2270"]
[BlackElo "2265"]
[PlyCount "55"]
[EventDate "1992.10.??"]
[EventType "team-tourn"]
[EventRounds "9"]
[EventCountry "GER"]
[SourceTitle "GER-chT2"]
[Source "ChessBase"]
[SourceDate "1999.07.01"]
[SourceVersion "1"]
[SourceVersionDate "1999.07.01"]
[SourceQuality "1"]
[WhiteTeam "Stuttgart"]
[BlackTeam "Cannstatt"]
[WhiteTeamCountry "GER"]
[BlackTeamCountry "GER"]

1. e4 c5 2. Nf3 e6 3. b3 d5 4. exd5 exd5 5. Bb5+ Nc6 6. 0-0 Nf6 7. Re1+ Be7 8. Qe2 h6 9. Ne5 Bd7 10. Bxc6 bxc6 11. Ba3 0-0 12. Nxc6 Bxc6 13. Qxe7 Re8 14. Qxd8 Raxd8 15. Rxe8+ Rxe8 16. Kf1 Bb5+ 17. d3 c4 18. Nc3 Ba6 19. bxc4 dxc4 20. d4 Ne4 21. Nd5 Kh7 22. Nc7 Rd8 23. Nxa6 Rxd4 24. Bb4 Rd7 25. Nc5 Nxc5 26. Bxc5 Rd2 27. Bxa7 Rxc2 28. a4 1-0